Samarkand International Airport Destinations (Samarkand, Uzbekistan) - Statistics

General Stats
  • This quiz has been taken 29 times
    7 since last reset
  • The average score is 14 of 24
Answer Stats
Airline Destination % Correct
Wizz Air Abu Dhabi
100%
QAZAQ AIR Astana
100%
Air Samarkand/Azerbaijan Airlines Baku
100%
flydubai Dubai (International)
100%
Air Samarkand/Centrum Air/Turkish Airlines/Uzbekistan Airways Istanbul
100%
Centrum Air/Qanot Sharq/Ural Airlines Moscow (Domodedovo)
100%
Aeroflot Moscow (Sheremetyevo)
100%
Pobeda/Utair/Uzbekistan Airways Moscow (Vnukovo)
100%
Ural Airlines/Uzbekistan Airways Moscow (Zhukovsky)
100%
Air Samarkand/Silk Avia/Uzbekistan Airways Tashkent
100%
Centrum Air Bukhara
50%
Centrum Air Dushanbe
50%
SunExpress İzmir
50%
Ural Airlines Krasnoyarsk (International)
50%
S7 Airlines Novosibirsk
50%
Azimuth/Rossiya Airlines Sochi
50%
Centrum Air Urgench
50%
Ural Airlines/Uzbekistan Airways Yekaterinburg
50%
Loong Air Xi'an
25%
Centrum Air Khabarovsk
0%
Aeroflot/Centrum Air/Qanot Sharq/Rossiya Airlines/Utair Saint Petersburgh
0%
Air Samarkand/Qanot Sharq/Uzbekistan Airways Tel Aviv
0%
Utair Tyumen
0%
Centrum Air Vladivostok
0%
No matching quizzes found
Score Distribution
Percent of People with Each Score
Percentile by Number Answered
Your Score History
You have not taken this quiz since the last reset